00421nam a22001337a 450000500170000000800410001704100130005808200120007110000260008324500760010926000470018530000290023265000260026120231027073257.0231027b |||||||| |||| 00| 0 eng d aEnglish  a348 WAR aWarner, HW lEnglish  aA Digest of South African Native Civil Case Law 1894-1957 /cHW Warner  aCape Town : bJuta and Company Ltd, c1961 bxii, 490 pages ;c26 cm. aLegal practice bLaw